000 00657nam a2200193 a 4500
008 120416s1988 ||||||||||||||||| || u
020 _a0863411266
050 _aTA 190 Twi
100 _aTwiss, Brian C
245 1 0 _aBusiness for engineers
260 _aLondon:
_bPerengrinus
_c1988
300 _ax, 209p.: ill.
350 _a0.00
490 _aIEE management of technology series
490 _v8
500 _aIncludes index. -Bibliography: p. [203]-204.
650 _aENGINEERING--MANAGEMENT
995 _D0.00
_FCBU-MAIN LIBRARY (Kitwe)
_H1
_I24.00
_UAVAILABLE
_ZMain Library Open Access Collection
999 _c36452
_d36452